01167 2200349 4500001002100000005001500021035002000036007000300056008004100059020002200100040002200122082001600144084001800160090002200178100005700200245015000257250003500407300002500442500009100467500001100558650001000569700003300579700003000612850001200642041001300654264003200667336002100699337003000720338002300750999002200773990002200795INLIS00000000086803420220217094329 a0010-0222000501ta220217s2021 yoi f 1 ind d a978-623-293-564-8 aYOPDYOGbinderda04223a297.125 a297.125 ANN s aCB-D.11 2021-16901 aAn-Nawawi, Muhyiddin Abi Zakaria bin Syarafepenulis10aSyarah hadits shahih arba'in nawawi /cpenulis, Muhyiddin Abi Zakaria bin Syaraf an-Nawawi; penerjemah, H.M. Abd. Rouf; penyunting, Yanuar Arifin aCetakan pertama, Desember 2021 a285 halaman ;c20 cm aJudul asli: syarh matan al-'arbain an-nawawiyah fi al-hadits ash-shahihat an-nabawiyah aIndeks 4aHadis1 aRouf, H. M. Abd.epenerjemah0 aYanuar Arifinepenyunting aYOPDYOG aindhara31aBantul :bDiva Press,c2021 2rdacontentateks 2rdamediaatanpa perantara 2rdacarrieravolume aCB-D.11/2021-1690 aCB-D.11/2021-1690